ბათუმის შოთა რუსთაველის სახელმწიფო უნივერსიტეტის ბიბლიოთეკა

გამოყენებითი ეკონომიკა =Junior Achievement–Applied Economis: (ბიბ.ჩანაწერი № 36858)

000 -ლიდერი
ფიქსირებული სიგრძის საკონტროლო ველი 01047nam a2200217Ia 4500
001 - საკონტროლო ნომერი
საკონტროლო ველი 2807
003 - საკონტროლო ნომრის იდენტიფიკატორი
საკონტროლო ველი GE_BSU
005 - ბოლო ოპერაციის თარიღი და დრო
საკონტროლო ველი 20190506151955.0
008 - ფიქსირებული სიგრძის მონაცემთა ელემენტები - ზოგადი ინფორმაცია
ფიქსირებული სიგრძის საკონტროლო ველი 181216s1997||||ge |||||||||||||| ||geo||
040 ## - კატალოგიზაციის წყარო
Transcribing agency GE_BSU
041 ## - ენის კოდი
Language code of text/sound track or separate title geo
080 ## - უნივერსალური ათობითი კლასიფიკაციის ინდექსი
Universal Decimal Classification number 330.1(076.1) გ-19
245 ## - ცნობა სათაურის შესახებ
Title გამოყენებითი ეკონომიკა =Junior Achievement–Applied Economis:
Remainder of title სავარჯიშოთა კრებული
Statement of responsibility, etc ინგ. თარგმნა : ირაკლი გაბრიაძემ ; რედ : თენგიზ ჭიაბრიშვილი
250 ## - გამოცემის ცნობა
Edition statement I-ლი ქართული გამოცემა
264 ## - წარმოების, გამოცემის, დისტრიბუციის და სხვა ცნობები
გამოცემის, წარმოების, დისტრიბუციის... ადგილი თბილისი . :
გამოცემის, წარმოების, დისტრიბუციის... სახელწოდება მარიხი,
გამოცემის, წარმოების, დისტრიბუციის... თარიღი 1997.
300 ## - ფიზიკური აღწერა
Extent 268 გვ.;
Other physical details ილ.
Dimensions 28სმ.
653 ## - INDEX TERM--UNCONTROLLED
Uncontrolled term ეკონომიკა
700 ## - ADDED ENTRY--PERSONAL NAME
Personal name გაბრიაძე, ირაკლი
Relator term მთარგმნელი
9 (RLIN) 803
700 ## - ADDED ENTRY--PERSONAL NAME
Personal name ჭიაბრიშვილი, თენგიზ
Relator term რედაქტორი
9 (RLIN) 804
942 ## - ADDED ENTRY ELEMENTS (KOHA)
Koha item type წიგნი
Source of classification or shelving scheme
ეგზემპლარები
ჩამოწერის სტატუსი დაკარგული ეგზემპლარის სტატუსი კლასიფიკაციის წყარო ან თაროზე გაწყობის სქემა დაზიანების სტატუსი არ გაიცემა მუდმივი მდებარეობა (დაცვის ადგილი) ამჟამინდელი ადგილსამყოფელი თაროზე განთავსების ადგილი შეძენის თარიღი ღირებულება, შესყიდვის ნორმალური ფასი სრული შენახვის შიფრი შტრიხკოდი ბოლო ოპერაციის თარიღი ეგზემპლარის მიმდევრობითი ნომერი (კეტერი?) ფასის ძალაში შესვლის თარიღი ეგზემპლარის სახეობა საჯარო შენიშვნა ადგილმდებარეობის კოდირებული მსაზღვრელი
          ბათუმის შოთა რუსთაველის სახელმწიფო უნივერსიტეტის მთავარი ბიბლიოთეკა ბათუმის შოთა რუსთაველის სახელმწიფო უნივერსიტეტის მთავარი ბიბლიოთეკა წიგნსაცავი 2018-12-17 20.00 330.1(076.1) გ-19 7725 2018-12-17 7725 2018-12-17 წიგნი 20 ლ.  
          ბათუმის შოთა რუსთაველის სახელმწიფო უნივერსიტეტის მთავარი ბიბლიოთეკა ბათუმის შოთა რუსთაველის სახელმწიფო უნივერსიტეტის მთავარი ბიბლიოთეკა წიგნსაცავი 2018-12-17   330.1(076.1) გ-19 7726 2018-12-17 7726 2018-12-17 წიგნი 20 ლ. 20.00